000 00468pab a2200157 454500
008 180718b1983 xxu||||| |||| 00| 0 eng d
100 _aIngraham, Petricia W.
245 _aMotivating government managers for retrenchment
_bSome possible lessons from the senior executive service
260 _c1983
300 _a393-402
362 _aSept.-Oct.
650 _aCivil Service
700 _aCharles Berrilleaux
773 _aPublic Administration Review
909 _a5709
999 _c5709
_d5709